000 00480nam a2200169 i 4500
001 bg
245 0 0 _aIzolacje - zestaw norm.
_nT. 2.
260 _aWarszawa :
_bWydawnictwa Normalizacyjne Alfa-Wero,
_c1998.
300 _aSkoroszyt.
650 9 _aIzolacje
_abudownictwo
_xnormalizacja
650 9 _aIzolacje elektryczne
_xnormalizacja
040 _cBPK
041 0 _apl
080 _a69:621.315.6:006](438)"1989/..."
942 _cKA
008 s pl f |000 0 pol
999 _c34992
_d34992
856 _uhttp://koha.tu.koszalin.pl/cgi-bin/koha/opac-detail.pl?biblionumber=34992
_yKatalog online BPK